La actividad laboral de las mujeres en las periferias madrileñas (Record no. 17486)

MARC details
000 -LEADER
campo de control de longitud fija 01128nam a2200277 i 4500
001 - NÚMERO DE CONTROL
campo de control 17486
003 - IDENTIFICADOR DE NÚMERO DE CONTROL
campo de control ES-MaACL
005 - FECHA Y HORA DE LA ÚLTIMA TRANSACCIÓN
campo de control 20250807233240.0
007 - CAMPO FIJO DE DESCRIPCIÓN FÍSICA--INFORMACIÓN GENERAL
campo de control de longitud fija t|
008 - DATOS DE LONGITUD FIJA--INFORMACIÓN GENERAL
campo de control de longitud fija 010316s2000 sp ||||1| spa d
020 ## - NÚMERO INTERNACIONAL ESTÁNDAR DEL LIBRO
Número Internacional Estándar del Libro 84-451-1822-6
080 ## - NÚMERO DE LA CLASIFICACIÓN DECIMAL UNIVERSAL
Número de la Clasificación Decimal Universal 331.5-055.2(460.1-24)
100 1# - ENTRADA PRINCIPAL--NOMBRE DE PERSONA
Nombre de persona Tobío Soler, Constanza.
9 (RLIN) 110382
245 13 - MENCIÓN DEL TÍTULO
Título La actividad laboral de las mujeres en las periferias madrileñas
Resto del título : discursos y prácticas /
Mención de responsabilidad, etc. Constanza Tobío, Rosario Sampedro, Mercedes Montero.
260 ## - PUBLICACIÓN, DISTRIBUCIÓN, ETC.
Lugar de publicación, distribución, etc. [Madrid] :
Nombre del editor, distribuidor, etc. Dirección General de la Mujer de la Comunidad de Madrid,
Fecha de publicación, distribución, etc. 2000.
300 ## - DESCRIPCIÓN FÍSICA
Extensión 361 p. ;
Dimensiones 22 cm.
490 1# - MENCIÓN DE SERIE
Mención de serie Publicaciones/DGM, Dirección General de la Mujer ;
Designación de volumen o secuencia 17
500 ## - NOTA GENERAL
Nota general En port.: Universidad Carlos III de Madrid.
650 14 - PUNTO DE ACCESO ADICIONAL DE MATERIA--TÉRMINO DE MATERIA
Término de materia o nombre geográfico como elemento de entrada Mujeres-
Subdivisión general Trabajo-
Subdivisión cronológica Madrid (Área metropolitana)
9 (RLIN) 15322
700 1# - ENTRADA AGREGADA--NOMBRE PERSONAL
Nombre de persona Sampedro, María del Rosario.
9 (RLIN) 102187
700 1# - ENTRADA AGREGADA--NOMBRE PERSONAL
Nombre de persona Montero, Mercedes.
9 (RLIN) 82494
710 1# - ENTRADA AGREGADA--NOMBRE DE ENTIDAD CORPORATIVA
Nombre de entidad corporativa o nombre de jurisdicción como elemento de entrada Madrid (Comunidad Autónoma).
Unidad subordinada Dirección General de la Mujer.
9 (RLIN) 5615
830 00 - PUNTO DE ACCESO ADICIONAL DE SERIE-TÍTULO UNIFORME
Título uniforme DGM, Dirección General de la Mujer
Designación de volumen o secuencia 17
9 (RLIN) 228545
852 ## - LOCALIZACIÓN
Ubicación ES-MaACL
Número de control de estantería L-24351
Holdings
Estatus retirado Estado de pérdida Estado de daño No para préstamo Biblioteca de origen Biblioteca actual Ubicación en estantería Fecha de adquisición Fuente de adquisición Total de préstamos Signatura topográfica completa Código de barras Visto por última vez Precio de reemplazo Tipo de ítem Koha
        Biblioteca del Ateneo de Madrid Biblioteca del Ateneo de Madrid Depósito 2 17/01/2008     L-24351 1017840 23/02/2023 23/02/2023 Libro impreso